| 000 | 02624nam0a2200421 4500 | ||
|---|---|---|---|
| 001 | RU\NLR\bibl\748350 | ||
| 005 | 20260407111939.0 | ||
| 010 |
_a5-86465-101-X _9100 |
||
| 021 |
_aRU _b2004-69794 _93438 |
||
| 035 | _aRSL-KNO-002498661 | ||
| 035 | _a(NLR Aleph) 000738159 | ||
| 090 |
_a805350 _c805350 |
||
| 100 | _a20041110d2004 |||y0rusy50 ca | ||
| 101 | 0 |
_arus _ager |
|
| 102 | _aRU | ||
| 105 | _ay ||||||||| | ||
| 106 | _ar | ||
| 200 | 1 |
_aЯзыки искусств немецкой культуры XX века, 2000/2003 _dSprachen der Kunst in der deutschen Kultur des 20. Jahrhunderts 2002/2003 _eматериалы науч. семинара _fнауч. ред. Н. Т. Рымарь _zger |
|
| 210 |
_aСамара _cИзд-во Сам. гуманит. акад. _d2004 _gТип. ООО "Артель" |
||
| 215 |
_a161 с. _d20 |
||
| 300 | _aТекст рус., нем. | ||
| 300 | _aВ надзаг.: Рур. ун-т Бохум, Ин-т германистики, Сам. гуманитар. акад., Ин-т культуры стран нем. яз. | ||
| 320 | _aБиблиогр. в конце ст. | ||
| 510 | 1 |
_aSprachen der Kunst in der deutschen Kultur des 20. Jahrhunderts 2002/2003 _zger |
|
| 606 | 1 |
_aНемецкая литература _jСборники _z20 в. _9980325 _3RU\NLR\auth\6650390 |
|
| 606 | 1 |
_aЛитература на немецком языке _jСборники _91213182 _3RU\NLR\auth\66492741 |
|
| 610 | 0 | _aФилологические науки. Художественная литература -- Мировая литература -- Литературы, объединённые по языковому признаку -- Германская литература -- Литература на немецком языке -- История литературы. Идейно-художественные особенности литературы -- Язык и стиль литературы. Стихосложение -- Язык и стиль литературы | |
| 686 |
_aШ5(0)943.24-357я43 _2rubbk |
||
| 686 | _aШ5(0)943.24я431 | ||
| 686 | _aШ5(4Г)6я431 | ||
| 702 | 1 |
_4340 _8rus _7ca _aРымарь _bН. Т. _f1945- _gНиколай Тимофеевич _3RU\NLR\auth\77256 _9110314 |
|
| 711 | 1 | 2 |
_4070 _a"Художественные языки немецкой культуры XX в.", научный семинар _f2002-2003 _eСамара _3RU\NLR\AUTH\8810063960 _9629505 |
| 801 | 0 |
_aRU _bRuMoRKP _c20041110 _grcr |
|
| 801 | 1 |
_aRU _bRuMoRGB _c20041110 |
|
| 801 | 2 |
_aRU _bNLR _c20050413 _gPSBO |
|
| 942 | _cBOOK | ||
| 980 | _aNB | ||